[Event "NOR-chT Club"]
[Site "Kristiansund"]
[Date "2017.10.21"]
[Round "4.1"]
[White "Thingstad, Even"]
[Black "Christiansen, Johan Sebastian"]
[Result "0-1"]
[WhiteElo "2214"]
[BlackElo "2462"]
[PlyCount "68"]
[EventDate "2017.10.20"]
[EventType "team-tourn"]
[EventRounds "6"]
[EventCountry "NOR"]
[SourceTitle "CBM 181 Extra"]
[Source "ChessBase"]
[SourceDate "2017.12.12"]
[SourceVersion "1"]
[SourceVersionDate "2017.12.12"]
[SourceQuality "1"]
[WhiteTeam "Trondheim"]
[BlackTeam "Valerenga"]
[WhiteTeamCountry "NOR"]
[BlackTeamCountry "NOR"]

1. d4 Nf6 2. c4 c5 3. d5 b5 4. cxb5 a6 5. bxa6 g6 6. Nc3 Bg7 7. e4 0-0 8. Nf3 Qa5 9. Bd2 Bxa6 10. Bxa6 Qxa6 11. Qe2 e6 12. Qxa6 Nxa6 13. 0-0 Rfb8 14. b3 exd5 15. exd5 Nb4 16. Rac1 d6 17. a4 Nbxd5 18. Nb5 Ne4 19. Rfd1 Ra6 20. Rc4 f5 21. Ng5 Nxd2 22. Rxd2 Rxb5 23. Rxd5 Rxb3 24. g3 Bf6 25. Ne6 Rb7 26. Nf4 Kf7 27. Rd2 Be5 28. Nd5 Rba7 29. Nc3 Bxc3 30. Rxc3 Ke6 31. Re3+ Kd7 32. Rc3 Kc6 33. Rcd3 Rd7 34. Ra3 c4 0-1

[Event "NOR-chT Club"]
[Site "Kristiansund"]
[Date "2017.10.20"]
[Round "1.13"]
[White "Unneland, Mathias"]
[Black "Thingstad, Even"]
[Result "0-1"]
[WhiteElo "1836"]
[BlackElo "2214"]
[PlyCount "110"]
[EventDate "2017.10.20"]
[EventType "team-tourn"]
[EventRounds "6"]
[EventCountry "NOR"]
[SourceTitle "CBM 181 Extra"]
[Source "ChessBase"]
[SourceDate "2017.12.12"]
[SourceVersion "1"]
[SourceVersionDate "2017.12.12"]
[SourceQuality "1"]
[WhiteTeam "Aalesunds Kadett"]
[BlackTeam "Trondheim"]
[WhiteTeamCountry "NOR"]
[BlackTeamCountry "NOR"]

1. e4 c6 2. d4 d5 3. Nc3 dxe4 4. Nxe4 Bf5 5. Ng3 Bg6 6. Nf3 Nd7 7. h4 h6 8. h5 Bh7 9. Bd3 Bxd3 10. Qxd3 e6 11. Be3 Qa5+ 12. Bd2 Bb4 13. c3 Be7 14. c4 Qc7 15. 0-0 Ngf6 16. Rae1 0-0 17. Nf5 Bd6 18. Nxh6+ gxh6 19. Bxh6 Rfe8 20. Ng5 Nf8 21. Qf3 Bf4 22. g4 Bxg5 23. Bxg5 N6h7 24. Bf4 Qe7 25. Kh2 f6 26. d5 cxd5 27. cxd5 Qf7 28. d6 e5 29. Bh6 Ne6 30. Rg1 Nhg5 31. Qd3 Qh7 32. Qxh7+ Kxh7 33. Bxg5 Nxg5 34. Re3 Rad8 35. Rc1 Ne6 36. g5 Rxd6 37. gxf6 Rd7 38. Rxe5 Rf7 39. Rce1 Rxf6 40. f4 Rh6 41. Rd1 Rg8 42. Rd7+ Rg7 43. Red5 Kg8 44. a4 Rxh5+ 45. Rxh5 Rxd7 46. Kg3 Rd3+ 47. Kg4 Rd4 48. Rb5 Rxf4+ 49. Kh5 Kf7 50. Rb3 Kf6 51. Rh3 Rxa4 52. Rf3+ Rf4 53. Rh3 Ng7+ 54. Kh6 Nf5+ 55. Kh5 a5 0-1

[Event "NOR-chB"]
[Site "Oslo"]
[Date "2015.07.05"]
[Round "2"]
[White "Thingstad, Even"]
[Black "Kvisla, Johannes Luangtep"]
[Result "0-1"]
[WhiteElo "2221"]
[BlackElo "2103"]
[PlyCount "140"]
[EventDate "2015.07.04"]
[EventType "swiss"]
[EventRounds "9"]
[EventCountry "NOR"]
[SourceTitle "EXT 2017"]
[Source "ChessBase"]
[SourceDate "2016.10.25"]
[SourceVersion "1"]
[SourceVersionDate "2016.10.25"]
[SourceQuality "1"]

1. d4 Nf6 2. c4 e6 3. Nc3 Bb4 4. e3 c5 5. Nge2 b6 6. a3 Ba5 7. Rb1 Qe7 8. Bd2 0-0 9. Nf4 Bxc3 10. Bxc3 Ne4 11. Rc1 Nxc3 12. Rxc3 Bb7 13. Bd3 f5 14. d5 e5 15. Ne2 d6 16. f4 Nd7 17. 0-0 e4 18. Bc2 Qh4 19. Qe1 Qxe1 20. Rxe1 b5 21. cxb5 a6 22. bxa6 Rxa6 23. b4 Rfa8 24. a4 cxb4 25. Rc4 b3 26. Bxb3 Nc5 27. Bc2 Bxd5 28. Rd4 Bb3 29. Bxb3+ Nxb3 30. Rd5 Rxa4 31. Rxd6 Nc5 32. Rf1 g6 33. Rd5 Nd3 34. Nc1 Nb4 35. Rc5 Ra3 36. Kf2 Ra1 37. Rc4 Rb1 38. Re1 Raa1 39. Re2 Nd5 40. Rec2 Ra3 41. Re2 Kf7 42. Rd4 Nxe3 43. Rxe3 Rxe3 44. Kxe3 Rxc1 45. Rd7+ Kg8 46. Rd2 Rc3+ 47. Kd4 Rc7 48. Ra2 Kf7 49. h3 Rd7+ 50. Ke3 h6 51. Ra3 Ke6 52. Rb3 Rd6 53. Ra3 Rb6 54. g4 Rd6 55. Ke2 Rc6 56. Ke3 Kd5 57. Kd2 Rb6 58. Ra5+ Ke6 59. Ra3 Rd6+ 60. Ke3 Rc6 61. Kd4 Rb6 62. Ke3 h5 63. gxh5 gxh5 64. h4 Rd6 65. Rb3 Rd3+ 66. Rxd3 exd3 67. Kd2 Kd6 68. Kc3 Kc5 69. Kxd3 Kd5 70. Ke3 Kc4 0-1

[Event "NOR-ch Master"]
[Site "Trondheim"]
[Date "2014.07.12"]
[Round "1"]
[White "Thingstad, Even"]
[Black "Martinsen, Stig K"]
[Result "0-1"]
[WhiteElo "2263"]
[BlackElo "2079"]
[PlyCount "100"]
[EventDate "2014.07.12"]
[EventType "swiss"]
[EventRounds "9"]
[EventCountry "NOR"]
[SourceTitle "EXT 2019"]
[Source "ChessBase"]
[SourceDate "2018.10.10"]
[SourceVersion "1"]
[SourceVersionDate "2018.10.10"]
[SourceQuality "1"]

1. d4 d6 2. c4 f5 3. Nf3 Nf6 4. g3 g6 5. Bg2 Bg7 6. 0-0 0-0 7. Nc3 Na6 8. Re1 c6 9. b3 Qa5 10. Bb2 e5 11. dxe5 dxe5 12. e4 f4 13. a3 Nh5 14. b4 Qc7 15. Qb3 Qe7 16. Ne2 g5 17. h3 g4 18. hxg4 Bxg4 19. Nh2 Be6 20. Bf3 fxg3 21. fxg3 Qg5 22. Bg2 Qe7 23. Nf3 Bg4 24. Rf1 Rad8 25. Qe3 Qe6 26. Ng5 Qxc4 27. Rxf8+ Rxf8 28. Re1 h6 29. Nf3 Qe6 30. Nh4 b6 31. Kh2 Nc7 32. Nc1 Nb5 33. Nd3 Nd4 34. Qd2 Nb3 35. Qe3 Nd4 36. Qd2 Qd6 37. Qc3 Re8 38. Nf2 Be6 39. Nd3 Bg4 40. Nf2 Be6 41. Nd3 c5 42. bxc5 bxc5 43. Nf5 Bxf5 44. exf5 e4 45. Qc4+ Kh8 46. Rxe4 Nf3+ 47. Bxf3 Qxg3+ 48. Kh1 Qxf3+ 49. Kg1 Bxb2 50. Rh4 Bd4+ 0-1

[Event "Forni di Sopra op 5th"]
[Site "Forni di Sopra"]
[Date "2014.06.19"]
[Round "7"]
[White "Thingstad, Even"]
[Black "Narciso Dublan, Marc"]
[Result "1/2-1/2"]
[WhiteElo "2251"]
[BlackElo "2538"]
[PlyCount "81"]
[EventDate "2014.06.14"]
[EventType "swiss"]
[EventRounds "9"]
[EventCountry "ITA"]
[SourceTitle "CBM 160 Extra"]
[Source "ChessBase"]
[SourceDate "2014.07.01"]
[SourceVersion "1"]
[SourceVersionDate "2014.07.01"]
[SourceQuality "1"]

1. d4 f5 2. g3 Nf6 3. Bg2 g6 4. Nf3 Bg7 5. 0-0 0-0 6. c4 d6 7. Nc3 Qe8 8. Re1 Qf7 9. e4 Nxe4 10. Nxe4 fxe4 11. Rxe4 Nc6 12. Qe2 e6 13. Ng5 Qf6 14. Be3 h6 15. Nxe6 Bxe6 16. Rxe6 Nxd4 17. Bxd4 Qxd4 18. Rd1 Rxf2 19. Rxd4 Rxe2 20. Rxe2 Bxd4+ 21. Kf1 Rf8+ 22. Ke1 c6 23. Re6 Rf6 24. Rxf6 Bxf6 25. b3 Kf7 26. Bh3 Ke7 27. Bc8 b6 28. h4 d5 29. cxd5 cxd5 30. Ke2 Kd6 31. Kd3 Kc5 32. Be6 b5 33. a4 bxa4 34. bxa4 a5 35. Bf7 g5 36. hxg5 hxg5 37. g4 Be5 38. Bg8 Kb4 39. Bxd5 Kxa4 40. Kc2 Kb4 41. Kb1 1/2-1/2

[Event "Forni di Sopra op 5th"]
[Site "Forni di Sopra"]
[Date "2014.06.18"]
[Round "6"]
[White "Bruno, Fabio"]
[Black "Thingstad, Even"]
[Result "1/2-1/2"]
[WhiteElo "2427"]
[BlackElo "2251"]
[PlyCount "164"]
[EventDate "2014.06.14"]
[EventType "swiss"]
[EventRounds "9"]
[EventCountry "ITA"]
[SourceTitle "CBM 160 Extra"]
[Source "ChessBase"]
[SourceDate "2014.07.01"]
[SourceVersion "1"]
[SourceVersionDate "2014.07.01"]
[SourceQuality "1"]

1. d4 d5 2. Nf3 Nf6 3. c4 c6 4. e3 e6 5. b3 Nbd7 6. Bb2 b6 7. Bd3 Bb7 8. 0-0 Be7 9. Nc3 0-0 10. Qc2 h6 11. Rac1 Rc8 12. Qe2 Qc7 13. Rfd1 Rfd8 14. cxd5 exd5 15. Bf5 g6 16. Bb1 Re8 17. Ne5 Bf8 18. f4 c5 19. Qf3 Bg7 20. Qh3 Rcd8 21. Bd3 a6 22. a4 Qb8 23. Rf1 cxd4 24. exd4 Qd6 25. Rcd1 Ne4 26. Nxe4 dxe4 27. Bc4 Re7 28. Qe3 a5 29. Qc1 Nxe5 30. fxe5 Qd7 31. Ba3 Re6 32. Bxe6 Qxe6 33. Qe3 Kh7 34. Bd6 h5 35. d5 Bxd5 36. Qxb6 Rc8 37. Qxa5 Bxb3 38. Rc1 Bc4 39. Rfe1 Bh6 40. Rc2 e3 41. Qb4 Qf5 42. Qb2 Bd3 43. Rxc8 e2 44. Rcc1 Be3+ 45. Kh1 Bxc1 46. Qxc1 Qf1+ 47. Rxf1 exf1Q+ 48. Qxf1 Bxf1 49. Kg1 Ba6 50. Be7 g5 51. Bxg5 Kg6 52. Bf6 Kf5 53. Kf2 Kf4 54. h3 Bc4 55. a5 Bd3 56. g3+ Ke4 57. g4 hxg4 58. h4 Kf4 59. h5 g3+ 60. Kg1 Kf5 61. Kg2 Kg4 62. h6 Be4+ 63. Kg1 Kh5 64. Bg7 Kg6 65. a6 Bd3 66. a7 Be4 67. Kf1 Bf3 68. Ke1 Kh7 69. Bf8 Kg6 70. Bg7 Kh7 71. Kf1 Kg6 72. Kg1 Kh7 73. Bf8 Kg6 74. Kf1 Kh7 75. Ke1 Kg6 76. Kd2 g2 77. Bc5 Kxh6 78. Bg1 Kg6 79. Ke3 Ba8 80. Kf4 Bb7 81. Ke3 Kf5 82. Kd4 Ke6 1/2-1/2

[Event "NOR-chB"]
[Site "Lillehammer"]
[Date "2013.07.06"]
[Round "9"]
[White "Thingstad, Even"]
[Black "Olsen, Anders"]
[Result "1-0"]
[WhiteElo "2274"]
[BlackElo "2044"]
[PlyCount "59"]
[EventDate "2013.06.29"]
[EventType "swiss"]
[EventRounds "9"]
[EventCountry "NOR"]
[SourceTitle "EXT 2014"]
[Source "ChessBase"]
[SourceDate "2013.11.20"]
[SourceVersion "1"]
[SourceVersionDate "2013.11.20"]
[SourceQuality "1"]

1. d4 Nf6 2. c4 e6 3. Nc3 Bb4 4. e3 c5 5. Nge2 cxd4 6. exd4 0-0 7. a3 Be7 8. Nf4 d5 9. cxd5 exd5 10. Be2 Bf5 11. 0-0 Nc6 12. Be3 Qd7 13. b4 Rfd8 14. Qb3 Bd6 15. Rfd1 Ne7 16. Rac1 a6 17. Na4 Rac8 18. Nb6 Rxc1 19. Nxd7 Rxd1+ 20. Qxd1 Rxd7 21. g4 Bg6 22. h4 Rc7 23. Nxg6 Nxg6 24. Qb3 Ne4 25. Qxd5 Nc3 26. Qxd6 Nxe2+ 27. Kf1 Rc2 28. Qb8+ Nf8 29. d5 f6 30. Bc5 1-0

[Event "Rilton Cup 42nd"]
[Site "Stockholm"]
[Date "2013.01.02"]
[Round "6"]
[White "Thingstad, Even"]
[Black "Socko, Monika"]
[Result "0-1"]
[WhiteElo "2245"]
[BlackElo "2445"]
[PlyCount "118"]
[EventDate "2012.12.27"]
[EventType "swiss"]
[EventRounds "9"]
[EventCountry "SWE"]
[SourceTitle "CBM 152 Extra"]
[Source "ChessBase"]
[SourceDate "2013.02.25"]
[SourceVersion "1"]
[SourceVersionDate "2013.02.25"]
[SourceQuality "1"]

1. d4 Nf6 2. c4 c5 3. d5 b5 4. cxb5 a6 5. bxa6 Bxa6 6. Nc3 g6 7. g3 d6 8. Bg2 Bg7 9. Nf3 0-0 10. 0-0 Nbd7 11. Rb1 Qa5 12. Bd2 Rfb8 13. b3 Bb7 14. a4 Qd8 15. e4 Ba6 16. Re1 Bd3 17. Rc1 Qb6 18. e5 Ng4 19. e6 c4 20. Be3 Nxe3 21. Rxe3 Nc5 22. exf7+ Kxf7 23. Ng5+ Kg8 24. bxc4 Qb2 25. Ne2 Bf5 26. Ne6 Bxe6 27. dxe6 Rxa4 28. Nc3 Bxc3 29. Rexc3 Rf8 30. R3c2 Qf6 31. Qe2 Nb3 32. Rd1 Nd4 33. Rxd4 Qxd4 34. Bd5 Ra1+ 35. Kg2 Rb8 36. Rd2 Qc3 37. Rc2 Qb3 38. Qe4 Qb1 39. Kh3 Rf8 40. Rd2 Qf1+ 41. Qg2 Qe1 42. f4 Rf5 43. Qe2 Qg1 44. Rb2 Kg7 45. Rd2 Ra3 46. Qf2 Qa1 47. Qd4+ Kh6 48. Kg4 Qe1 49. Qf2 Qb1 50. Rb2 Qd1+ 51. Qe2 Qd4 52. Rd2 Qf6 53. Kh3 Rxf4 54. Kg2 Rd4 55. Rb2 Kg7 56. Rb1 Rad3 57. Kg1 Rd2 58. Qf1 Qxf1+ 59. Rxf1 Rd1 0-1

[Event "NOR-chT 1213"]
[Site "Norway"]
[Date "2012.11.04"]
[Round "3"]
[White "Thingstad, Even"]
[Black "Houska, Jovanka"]
[Result "0-1"]
[WhiteElo "2245"]
[BlackElo "2400"]
[PlyCount "124"]
[EventDate "2012.11.02"]
[EventType "team-tourn"]
[EventRounds "9"]
[EventCountry "NOR"]
[SourceTitle "EXT 2015"]
[Source "ChessBase"]
[SourceDate "2014.11.20"]
[SourceVersion "1"]
[SourceVersionDate "2014.11.20"]
[SourceQuality "1"]
[WhiteTeam "Trondheim"]
[BlackTeam "Bergens"]
[WhiteTeamCountry "NOR"]
[BlackTeamCountry "NOR"]

1. d4 d5 2. c4 c6 3. Nf3 Nf6 4. Nc3 a6 5. c5 g6 6. h3 Bg7 7. Bf4 Ne4 8. e3 Qa5 9. Bd3 Nxc3 10. Qd2 Nd7 11. 0-0 e5 12. Nxe5 Nxe5 13. Bxe5 Bxe5 14. dxe5 Qxc5 15. bxc3 Bd7 16. Bc2 0-0 17. f4 Rae8 18. Qd4 Qe7 19. e4 dxe4 20. Bxe4 f6 21. Bc2 c5 22. Qd5+ Be6 23. Qe4 fxe5 24. fxe5 Rxf1+ 25. Rxf1 Bxa2 26. Re1 Be6 27. c4 b5 28. cxb5 axb5 29. Qc6 b4 30. Be4 Rd8 31. Rf1 Kg7 32. Bf3 Rc8 33. Qe4 c4 34. Bg4 Re8 35. Bxe6 Qxe6 36. Qb7+ Qe7 37. Qd5 c3 38. e6 Kg8 39. Re1 c2 40. Qc4 b3 41. Kh1 Rb8 42. Rf1 Qb4 43. Qc7 Rf8 44. Rf7 c1Q+ 45. Qxc1 Rxf7 46. exf7+ Kxf7 47. Qc7+ Kf6 48. Qd8+ Ke5 49. Qg5+ Ke6 50. Qe3+ Kf7 51. Qa7+ Ke6 52. Qe3+ Kd6 53. Qd3+ Kc7 54. Qg3+ Kc8 55. Qe5 b2 56. Qe6+ Kc7 57. Qe5+ Kd7 58. Qd5+ Ke7 59. Qe5+ Kf7 60. Qd5+ Kf6 61. Qc6+ Kg5 62. Qd5+ Kh6 0-1

[Event "NOR-chT 1213"]
[Site "Norway"]
[Date "2012.11.02"]
[Round "5"]
[White "Hammer, Jon Ludvig"]
[Black "Thingstad, Even"]
[Result "1-0"]
[WhiteElo "2633"]
[BlackElo "2245"]
[PlyCount "77"]
[EventDate "2012.11.02"]
[EventType "team-tourn"]
[EventRounds "9"]
[EventCountry "NOR"]
[SourceTitle "EXT 2014"]
[Source "ChessBase"]
[SourceDate "2013.11.20"]
[SourceVersion "1"]
[SourceVersionDate "2013.11.20"]
[SourceQuality "1"]
[WhiteTeam "OSS"]
[BlackTeam "Trondheim"]
[WhiteTeamCountry "NOR"]
[BlackTeamCountry "NOR"]

1. d4 d5 2. c4 c6 3. Nf3 Nf6 4. Nc3 e6 5. e3 Nbd7 6. Qc2 Bd6 7. Bd3 0-0 8. 0-0 dxc4 9. Bxc4 b5 10. Be2 Bb7 11. e4 e5 12. dxe5 Nxe5 13. Nd4 Re8 14. Nf5 Bf8 15. a3 a6 16. Bg5 c5 17. Rad1 Qb6 18. Bxf6 Qxf6 19. f4 Ng6 20. e5 Qb6 21. Bf3 Bxf3 22. Rxf3 c4+ 23. Kh1 Rad8 24. Nd5 Qc6 25. Qe4 Bc5 26. Rff1 Qc8 27. Rfe1 Rd7 28. h4 Kh8 29. h5 Nf8 30. h6 Ne6 31. hxg7+ Nxg7 32. Nxg7 Kxg7 33. Nf6 Rxd1 34. Qxh7+ Kf8 35. Rxd1 Rd8 36. Rd7 Qxd7 37. Nxd7+ Rxd7 38. Qh8+ Ke7 39. Qf6+ 1-0

[Event "NOR-chT 1213"]
[Site "Norway"]
[Date "2012.11.02"]
[Round "6"]
[White "Thingstad, Even"]
[Black "Djurhuus, Rune"]
[Result "1-0"]
[WhiteElo "2245"]
[BlackElo "2457"]
[PlyCount "87"]
[EventDate "2012.11.02"]
[EventType "team-tourn"]
[EventRounds "9"]
[EventCountry "NOR"]
[SourceTitle "EXT 2014"]
[Source "ChessBase"]
[SourceDate "2013.11.20"]
[SourceVersion "1"]
[SourceVersionDate "2013.11.20"]
[SourceQuality "1"]
[WhiteTeam "Trondheim"]
[BlackTeam "Akademisk"]
[WhiteTeamCountry "NOR"]
[BlackTeamCountry "NOR"]

1. d4 e6 2. c4 f5 3. g3 Nf6 4. Bg2 c6 5. Nf3 d5 6. 0-0 Bd6 7. b3 Qe7 8. Ne5 0-0 9. Bb2 b6 10. cxd5 exd5 11. Qc2 Bd7 12. Nxd7 Qxd7 13. Nd2 Na6 14. Rad1 Nb4 15. Qb1 a5 16. Bh3 g6 17. a3 Na6 18. e4 dxe4 19. Nxe4 Nxe4 20. Qxe4 Nc7 21. d5 fxe4 22. Bxd7 cxd5 23. Rxd5 Bc5 24. Bc6 e3 25. Rd7 Ne6 26. Bd5 exf2+ 27. Kg2 Rfe8 28. b4 axb4 29. axb4 Be3 30. Bxa8 Rxa8 31. Re7 Bd4 32. Bxd4 Nxd4 33. Rxf2 Nc6 34. Rb7 Nxb4 35. Rff7 Ra2+ 36. Kh3 Nd3 37. Rg7+ Kf8 38. Rxh7 Nf2+ 39. Kh4 Kg8 40. Kg5 b5 41. Rhc7 Ra8 42. Rg7+ Kh8 43. Rgf7 Ne4+ 44. Kh6 1-0

[Event "NOR-chT 1213"]
[Site "Norway"]
[Date "2012.11.02"]
[Round "1"]
[White "Thingstad, Even"]
[Black "Miezis, Normunds"]
[Result "0-1"]
[WhiteElo "2245"]
[BlackElo "2595"]
[PlyCount "94"]
[EventDate "2012.11.02"]
[EventType "team-tourn"]
[EventRounds "9"]
[EventCountry "NOR"]
[SourceTitle "EXT 2013"]
[Source "ChessBase"]
[SourceDate "2012.11.22"]
[SourceVersion "1"]
[SourceVersionDate "2012.11.22"]
[SourceQuality "1"]
[WhiteTeam "Trondheim"]
[BlackTeam "Moss"]
[WhiteTeamCountry "NOR"]
[BlackTeamCountry "NOR"]

1. d4 Nf6 2. c4 e6 3. Nc3 Bb4 4. e3 c5 5. Nge2 cxd4 6. exd4 0-0 7. a3 Be7 8. Nf4 d5 9. cxd5 Nxd5 10. Ncxd5 exd5 11. Bd3 Nc6 12. Be3 Bf6 13. 0-0 g6 14. Rc1 Bg7 15. Bb1 Qd6 16. Re1 Bd7 17. Rc5 Be6 18. Nxe6 fxe6 19. h4 Ne7 20. h5 b6 21. Rc1 Rac8 22. Rxc8 Rxc8 23. Qg4 Kf7 24. Bd3 Nf5 25. g3 Qd7 26. Bd2 a5 27. Kg2 Re8 28. Qf3 Kg8 29. hxg6 hxg6 30. Be3 Rf8 31. Bf4 g5 32. Bxg5 Nh4+ 33. Bxh4 Rxf3 34. Kxf3 Bxd4 35. g4 Qf7+ 36. Kg2 Qf4 37. Be2 e5 38. Rd1 Kg7 39. Bf3 e4 40. Be2 Be5 41. Bg3 Qf6 42. Rxd5 Bxg3 43. Kxg3 Qxb2 44. Rd7+ Kf6 45. Bd1 Qxa3+ 46. Kg2 Qc5 47. Rh7 Qd5 0-1

[Event "NOR-chT 1213"]
[Site "Norway"]
[Date "2012.11.02"]
[Round "4"]
[White "Thingstad, Even"]
[Black "Urkedal, Frode Olav Olsen"]
[Result "1-0"]
[WhiteElo "2245"]
[BlackElo "2469"]
[PlyCount "67"]
[EventDate "2012.11.02"]
[EventType "team-tourn"]
[EventRounds "9"]
[EventCountry "NOR"]
[SourceTitle "EXT 2014"]
[Source "ChessBase"]
[SourceDate "2013.11.20"]
[SourceVersion "1"]
[SourceVersionDate "2013.11.20"]
[SourceQuality "1"]
[WhiteTeam "Trondheim"]
[BlackTeam "Oslo SK 1911"]
[WhiteTeamCountry "NOR"]
[BlackTeamCountry "NOR"]

1. d4 Nf6 2. c4 e6 3. Nc3 Bb4 4. e3 d5 5. a3 Bxc3+ 6. bxc3 c5 7. cxd5 exd5 8. Bd3 0-0 9. Ne2 Nc6 10. 0-0 Re8 11. Ng3 Bd7 12. f3 Rc8 13. Rb1 Qc7 14. Qd2 h5 15. Qf2 Na5 16. e4 cxd4 17. cxd4 Qc3 18. Bb5 Bxb5 19. Rxb5 Nb3 20. Bg5 Nh7 21. Rxd5 g6 22. Bf4 h4 23. Ne2 Qb2 24. Rb5 Rc2 25. Re1 g5 26. Qe3 gxf4 27. Qxb3 Qxb3 28. Rxb3 h3 29. Nxf4 hxg2 30. Re2 Rc1+ 31. Kxg2 b6 32. d5 Re5 33. h4 Rd1 34. Rd3 1-0

[Event "London Classic op"]
[Site "London"]
[Date "2011.12.07"]
[Round "5"]
[White "Thingstad, Even"]
[Black "Rendle, Thomas E"]
[Result "0-1"]
[WhiteElo "2213"]
[BlackElo "2389"]
[PlyCount "74"]
[EventDate "2011.12.03"]
[EventType "swiss"]
[EventRounds "9"]
[EventCountry "ENG"]
[SourceTitle "CBM 145 Extra"]
[Source "ChessBase"]
[SourceDate "2012.01.03"]
[SourceVersion "1"]
[SourceVersionDate "2012.01.03"]
[SourceQuality "1"]

1. d4 e6 2. c4 Nf6 3. Nc3 Bb4 4. Qc2 0-0 5. a3 Bxc3+ 6. Qxc3 b5 7. cxb5 c6 8. Bg5 cxb5 9. Nf3 Bb7 10. e3 h6 11. Bh4 g5 12. Bg3 Na6 13. Be2 Ne4 14. Qd3 Qa5+ 15. Nd2 Nb4 16. Qb3 Nd5 17. Rd1 Nxd2 18. Rxd2 Rfc8 19. Qd1 Rc6 20. Bd3 Rac8 21. Qh5 e5 22. Bxe5 Re6 23. b4 Rc1+ 24. Rd1 Rxd1+ 25. Qxd1 Qxa3 26. 0-0 d6 27. Bg3 Qxb4 28. h4 Qb2 29. Qf3 Qd2 30. Be4 Rf6 31. Qg4 Nxe3 32. fxe3 Qxe3+ 33. Kh2 Rxf1 34. Bxb7 f5 35. Bd5+ Kh7 36. Bf2 Qxf2 37. Qh5 Qxh4+ 0-1

[Event "London Classic op"]
[Site "London"]
[Date "2011.12.04"]
[Round "2"]
[White "Pert, Nicholas"]
[Black "Thingstad, Even"]
[Result "1-0"]
[WhiteElo "2563"]
[BlackElo "2213"]
[PlyCount "235"]
[EventDate "2011.12.03"]
[EventType "swiss"]
[EventRounds "9"]
[EventCountry "ENG"]
[SourceTitle "CBM 145 Extra"]
[Source "ChessBase"]
[SourceDate "2012.01.03"]
[SourceVersion "1"]
[SourceVersionDate "2012.01.03"]
[SourceQuality "1"]

1. Nf3 Nf6 2. g3 d5 3. Bg2 c6 4. c4 Bf5 5. cxd5 cxd5 6. Qb3 Qb6 7. Nc3 e6 8. d3 Nc6 9. Qxb6 axb6 10. 0-0 Bg4 11. Bd2 Bc5 12. h3 Bxf3 13. Bxf3 Ke7 14. Bg2 Rhc8 15. Rfc1 Nd7 16. Kf1 Bd4 17. e3 Be5 18. d4 Bd6 19. Nb5 Nf6 20. Nxd6 Kxd6 21. f3 Kd7 22. Ke1 Ne8 23. Bf1 Nd6 24. Kd1 Na5 25. b3 Rxc1+ 26. Rxc1 Rc8 27. Rxc8 Kxc8 28. g4 Nc6 29. Kc2 Kd7 30. Kc3 Kc7 31. Bd3 f5 32. Be1 g6 33. Bg3 Kd7 34. a4 Na5 35. Bb5+ Nc6 36. Be2 Na5 37. Bd3 Kc6 38. Kb4 Kd7 39. Kc3 Nc6 40. Be2 Ne7 41. Bf1 Nc6 42. g5 Nf7 43. Bf4 Nd6 44. b4 Ke7 45. Be2 Kd7 46. Bd3 Ke7 47. b5 Na5 48. Bxd6+ Kxd6 49. h4 Kd7 50. e4 Ke7 51. Bf1 Kd6 52. Bd3 Ke7 53. h5 fxe4 54. hxg6 hxg6 55. fxe4 Kf7 56. exd5 exd5 57. Bb1 Nc4 58. Ba2 Ne3 59. Kd3 Nc4 60. Bxc4 dxc4+ 61. Kxc4 Ke6 62. Kc3 Kf5 63. Kb4 Kxg5 64. a5 bxa5+ 65. Kxa5 Kf5 66. Kb6 g5 67. Kxb7 g4 68. d5 g3 69. d6 Ke6 70. Kc6 g2 71. d7 g1Q 72. d8Q Qc1+ 73. Kb7 Qh1+ 74. Ka6 Qa1+ 75. Qa5 Qf1 76. Qc3 Kf5 77. Ka5 Kg4 78. b6 Qf5+ 79. Ka6 Qf1+ 80. Ka7 Qf2 81. Qb3 Qd4 82. Ka6 Qd6 83. Kb5 Qd7+ 84. Ka5 Qd8 85. Qc3 Kh4 86. Qf3 Qd6 87. b7 Qc5+ 88. Ka4 Qc4+ 89. Ka3 Qc5+ 90. Ka2 Qc2+ 91. Ka3 Qc5+ 92. Kb2 Qd4+ 93. Qc3 Qb6+ 94. Qb3 Qd4+ 95. Ka3 Qa1+ 96. Kb4 Qe1+ 97. Ka4 Qa1+ 98. Kb5 Qe5+ 99. Kb4 Qd6+ 100. Kb5 Qe5+ 101. Kc6 Qf6+ 102. Kc5 Qe7+ 103. Kb6 Qd8+ 104. Ka6 Qd6+ 105. Qb6 Qa3+ 106. Qa5 Qd6+ 107. Ka7 Qd7 108. Qc3 Qe7 109. Qc4+ Kg3 110. Qd3+ Kg2 111. Ka8 Qe8+ 112. b8Q Qa4+ 113. Qa7 Qe8+ 114. Kb7 Qf7+ 115. Kb8 Qe8+ 116. Kc7 Qf7+ 117. Qd7 Qf4+ 118. Kb7 1-0

[Event "Oslo op"]
[Site "Oslo"]
[Date "2011.10.02"]
[Round "1"]
[White "Elsness, Frode"]
[Black "Thingstad, Even"]
[Result "1-0"]
[WhiteElo "2491"]
[BlackElo "2234"]
[PlyCount "69"]
[EventDate "2011.10.02"]
[EventType "swiss"]
[EventRounds "9"]
[EventCountry "NOR"]
[SourceTitle "CBM 144 Extra"]
[Source "ChessBase"]
[SourceDate "2011.10.28"]
[SourceVersion "1"]
[SourceVersionDate "2011.10.28"]
[SourceQuality "1"]

1. d4 d5 2. c4 c6 3. Nf3 Nf6 4. e3 e6 5. b3 Nbd7 6. Bd3 b6 7. 0-0 Bb7 8. Bb2 Be7 9. Nc3 0-0 10. Qe2 Rc8 11. Ne5 Nxe5 12. dxe5 Nd7 13. f4 Nc5 14. Bc2 dxc4 15. bxc4 Qc7 16. f5 exf5 17. Bxf5 Rcd8 18. Qh5 g6 19. Qh6 Rd2 20. Bc1 Rdd8 21. Bb2 Rd2 22. e6 Rxb2 23. exf7+ Rxf7 24. Be6 Nxe6 25. Rxf7 Kxf7 26. Qxh7+ Ng7 27. Rf1+ Bf6 28. Ne4 Rb1 29. Rxb1 Qe5 30. Nxf6 Kxf6 31. Rf1+ Ke7 32. Qxg6 Ne6 33. Rf7+ Kd6 34. Qd3+ Kc5 35. Rf5 1-0